000 00288nam a2200133Ia 4500
100 _aHorn/ C.E./ Poirot/ J.L.
942 _cBK
654 _aComputer
245 _aComputer literacy
260 _bTata Mc Graw hill
_aNew Delhi
_c1987
300 _a486
546 _aENGLISH
999 _c29595
_d29595